000
00524nam a2200133Ia 4500
008
100328s9999 xx 000 0 und d
082
_b
3134
100
_a
गांधी महात्मा
245
_a
सत्याग्रह क्यों कब और कैसे
260
_b
उपायाय मार्तएड
630
_a
सत्याग्रह क्यों कब और कैसे
730
_a
सत्याग्रह क्यों कब और कैसे
942
_c
BOOK
999
_c
499286
_d
499283